000 01101nam a2200289Ia 4500
003 GCL
005 20240530110122.0
008 140319s1986 ua 000 0 ara d
017 _a1986/3372
_bمصر. دار الكتب
020 _a9770109908
040 _aGCL /
_cGCL
082 0 4 _a791.43/
_bم أ
110 1 _aالمجلس الاعلى للثقافة
245 1 0 _aالانسان المصرى على الشاشة /
_cالمجلس الاعلى للثقافة ؛ اعداد وتقديم هاشم النحاس
250 _aالاولى
260 _aالقاهرة :
_bالهيئة المصرية العامة للكتاب،
_c1986
300 _a278 ص ؛
_c24سم
490 0 _aالالف كتاب الثانى ؛
_v11
650 0 4 _aمصر
650 0 7 _2qrmak
_aالمجتمع
650 0 7 _2qrmak
_aالتغير الاجتماعى
650 0 7 _2qrmak
_aالافلام السينمائية
650 0 7 _2qrmak
_aالدراسات الاجتماعية
650 0 4 _2qrmak
_aالسينما
_xتاريخ ونقد
700 0 _aهاشم النحاس
_eمعد ومقدم
942 _2ddc
_cBK
999 _c58720
_d58720